[Event "BRA-ch Amateur"]
[Site "Brasilia"]
[Date "2016.06.18"]
[Round "3"]
[White "De Andrade, Ivan Neudir"]
[Black "Do Carmo, Thiago Souza Lopes"]
[Result "1-0"]
[WhiteElo "1887"]
[BlackElo "1504"]
[PlyCount "39"]
[EventDate "2016.06.17"]
[EventType "swiss"]
[EventRounds "6"]
[EventCountry "BRA"]
[SourceTitle "CBM 173 Extra"]
[Source "ChessBase"]
[SourceDate "2016.08.29"]
[SourceVersion "1"]
[SourceVersionDate "2016.08.29"]
[SourceQuality "1"]

1. e4 c6 2. d4 d5 3. f3 g6 4. Be3 Bg7 5. c3 Nf6 6. Bd3 Qc7 7. Ne2 dxe4 8. fxe4 e5 9. h3 Nbd7 10. Nd2 Nh5 11. 0-0 exd4 12. Nxd4 Ng3 13. Bf4 Ne2+ 14. Qxe2 Bxd4+ 15. Kh1 Be5 16. Bh6 Nc5 17. Nc4 Be6 18. Rad1 b5 19. Nxe5 Qxe5 20. Bf4 1-0

[Event "Brasilia Centro Oeste-ch"]
[Site "Brasilia"]
[Date "2015.05.15"]
[Round "4"]
[White "Abrantes, Tiago Garrido"]
[Black "De Andrade, Ivan Neudir"]
[Result "1-0"]
[WhiteElo "2190"]
[BlackElo "1857"]
[PlyCount "57"]
[EventDate "2015.05.15"]
[EventType "swiss"]
[EventRounds "6"]
[EventCountry "BRA"]
[SourceTitle "CBM 166 Extra"]
[Source "ChessBase"]
[SourceDate "2015.06.18"]
[SourceVersion "1"]
[SourceVersionDate "2015.06.18"]
[SourceQuality "1"]

1. d4 Nf6 2. Nf3 g6 3. Bf4 Bg7 4. e3 c5 5. c3 b6 6. Nbd2 0-0 7. Be2 Bb7 8. h3 Ba6 9. 0-0 Bxe2 10. Qxe2 d6 11. Bh2 Qc8 12. e4 Nfd7 13. e5 dxe5 14. dxe5 e6 15. a4 Nc6 16. Nc4 Qa6 17. Qe4 Qc8 18. Rad1 Ne7 19. Nd6 Qc6 20. Qh4 Nf5 21. Nxf5 exf5 22. Rd6 Qc7 23. Rfd1 Rfd8 24. e6 fxe6 25. Qe7 Re8 26. Rxd7 Rxe7 27. Rxc7 Rae8 28. Rxe7 Rxe7 29. Rd8+ 1-0

[Event "Brasilia Centro Oeste-ch"]
[Site "Brasilia"]
[Date "2015.05.15"]
[Round "1"]
[White "De Andrade, Ivan Neudir"]
[Black "Miranda da Silva, Benur Wanderley"]
[Result "0-1"]
[WhiteElo "1857"]
[BlackElo "1768"]
[PlyCount "110"]
[EventDate "2015.05.15"]
[EventType "swiss"]
[EventRounds "6"]
[EventCountry "BRA"]
[SourceTitle "CBM 166 Extra"]
[Source "ChessBase"]
[SourceDate "2015.06.18"]
[SourceVersion "1"]
[SourceVersionDate "2015.06.18"]
[SourceQuality "1"]

1. e4 e5 2. Nf3 Nc6 3. Bb5 d6 4. d4 exd4 5. Nxd4 Bd7 6. 0-0 Nf6 7. Nc3 Be7 8. Re1 0-0 9. Be3 a6 10. Nxc6 bxc6 11. Bc4 Be6 12. Qe2 Qc8 13. Bg5 Re8 14. Bd3 Bg4 15. f3 Bh5 16. Qd2 Bg6 17. Bc4 Nd7 18. Bf4 Ne5 19. Bxe5 dxe5 20. Na4 Qb7 21. Qe2 Red8 22. Red1 Qb4 23. Bb3 h6 24. Qf2 Kh7 25. a3 Qb7 26. Bc4 f6 27. b4 f5 28. exf5 Bxf5 29. Bd3 Bxd3 30. cxd3 Bf6 31. Rac1 Rd4 32. Nc5 Qb5 33. Ne6 Rd7 34. Qc2 g6 35. Qxc6 Qb6+ 36. Kf1 Qxc6 37. Rxc6 Be7 38. Ke2 Bd6 39. Rdc1 Ra7 40. Nc5 Re7 41. Ne4 Re6 42. Nc5 Re7 43. Rxa6 Bxc5 44. Rc6 Bd4 45. R1c2 h5 46. g4 hxg4 47. Rf6 gxf3+ 48. Kxf3 Rxa3 49. Ke4 Rc3 50. Rg2 Rg7 51. Rg3 Rc2 52. Rf8 Rd7 53. Rh3+ Kg7 54. Rfh8 Re2+ 55. Kf3 Rf2+ 0-1

[Event "Brasilia Centro Oeste-ch"]
[Site "Brasilia"]
[Date "2015.05.15"]
[Round "6"]
[White "Kurita, Rubens Massami"]
[Black "De Andrade, Ivan Neudir"]
[Result "0-1"]
[WhiteElo "1802"]
[BlackElo "1857"]
[PlyCount "156"]
[EventDate "2015.05.15"]
[EventType "swiss"]
[EventRounds "6"]
[EventCountry "BRA"]
[SourceTitle "CBM 166 Extra"]
[Source "ChessBase"]
[SourceDate "2015.06.18"]
[SourceVersion "1"]
[SourceVersionDate "2015.06.18"]
[SourceQuality "1"]

1. e4 c5 2. c3 d5 3. exd5 Qxd5 4. d4 Nf6 5. Nf3 Nc6 6. dxc5 Qxc5 7. Be3 Qa5 8. h3 Bf5 9. Qb3 Qc7 10. Be2 e5 11. 0-0 Be7 12. Na3 0-0 13. Nb5 Qc8 14. Rad1 Be6 15. Qa4 a6 16. Na3 Bxa2 17. c4 b5 18. Qc2 bxc4 19. Nxc4 Na5 20. Qa4 Bxc4 21. Bxc4 Nxc4 22. Rc1 Nxb2 23. Qa2 Qb7 24. Rb1 Rab8 25. Bc1 Qb3 26. Rxb2 Qxa2 27. Rxa2 e4 28. Nd4 Rb6 29. Be3 Bc5 30. Rc1 Bxd4 31. Bxd4 Rd6 32. Bb2 Rfd8 33. Be5 Re6 34. Bg3 Ne8 35. Rb1 Rd7 36. Rb8 Ra7 37. Bf4 a5 38. Be3 Raa6 39. Rc2 f6 40. Rc7 a4 41. Rc2 Kf7 42. Rb7+ Re7 43. Rb4 f5 44. Ra2 Nf6 45. Rbxa4 Rxa4 46. Rxa4 Nd5 47. Bd4 Rd7 48. Kf1 g5 49. Be5 Ke6 50. Bd4 Nf4 51. Ra6+ Rd6 52. Rxd6+ Kxd6 53. Be3 Ke5 54. Bb6 Nd5 55. Bc5 f4 56. Ke2 h5 57. Bf8 g4 58. hxg4 hxg4 59. Bg7+ Kf5 60. Bd4 Ke6 61. Bc5 Nc3+ 62. Kd2 Kd5 63. Bb4 Na2 64. Ba5 Kd4 65. Kc2 Kc4 66. Bc7 e3 67. f3 gxf3 68. gxf3 Nb4+ 69. Kd1 Nd5 70. Be5 Kd3 71. Ke1 e2 72. Bd6 Ke3 73. Bxf4+ Kxf3 74. Bd2 Ne7 75. Be3 Ng6 76. Bg5 Ne5 77. Bh4 Nd3+ 78. Kd2 Nf4 0-1

[Event "Brasila-ch"]
[Site "Brasilia"]
[Date "2014.11.??"]
[Round "3"]
[White "De Andrade, Ivan Neudir"]
[Black "Lucena, Lincoln"]
[Result "0-1"]
[WhiteElo "1887"]
[BlackElo "2157"]
[PlyCount "104"]
[EventDate "2014.11.??"]
[EventType "swiss"]
[EventRounds "7"]
[EventCountry "BRA"]
[SourceTitle "EXT 2016"]
[Source "ChessBase"]
[SourceDate "2015.10.08"]
[SourceVersion "1"]
[SourceVersionDate "2015.10.08"]
[SourceQuality "1"]

1. d4 Nf6 2. Nf3 c5 3. c3 b6 4. Bf4 g6 5. e3 Bg7 6. Be2 d6 7. h3 0-0 8. Nbd2 Bb7 9. 0-0 a6 10. Re1 Nc6 11. Bf1 cxd4 12. cxd4 Rc8 13. a3 Rc7 14. Bc4 Qa8 15. b4 b5 16. Bb3 Na7 17. Rc1 Rfc8 18. Rxc7 Rxc7 19. Qb1 Nd5 20. Bg3 Nc3 21. Qd3 Nc8 22. e4 Nb6 23. Ng5 e6 24. Bxd6 Rd7 25. Qxc3 Rxd6 26. Qc7 Rd7 27. Qf4 Qe8 28. Ngf3 Bxd4 29. Nxd4 Rxd4 30. Nf3 Rd3 31. Re3 Rxe3 32. Qxe3 Qc6 33. Qd4 Nd7 34. Kh2 Nf8 35. Nd2 Qc7+ 36. g3 Qc1 37. f4 Qe1 38. h4 h5 39. Ba2 Qe2+ 40. Kg1 Qd1+ 41. Kh2 Bxe4 42. Qxe4 Qxd2+ 43. Qg2 Qc3 44. g4 hxg4 45. h5 gxh5 46. f5 Qe5+ 47. Qg3 Qxf5 48. Qe3 Qc2+ 49. Kg3 Qxa2 50. Qg5+ Ng6 51. Qd8+ Kg7 52. Qd4+ e5 0-1

[Event "Brasila-ch"]
[Site "Brasilia"]
[Date "2014.11.??"]
[Round "2"]
[White "Rodrigues, Joao Batista"]
[Black "De Andrade, Ivan Neudir"]
[Result "0-1"]
[WhiteElo "1851"]
[BlackElo "1887"]
[PlyCount "106"]
[EventDate "2014.11.??"]
[EventType "swiss"]
[EventRounds "7"]
[EventCountry "BRA"]
[SourceTitle "EXT 2016"]
[Source "ChessBase"]
[SourceDate "2015.10.08"]
[SourceVersion "1"]
[SourceVersionDate "2015.10.08"]
[SourceQuality "1"]

1. e4 c5 2. Nf3 Nc6 3. d4 cxd4 4. Nxd4 Nf6 5. Nc3 e5 6. Nf3 h6 7. Be2 Bb4 8. Bd2 0-0 9. Bd3 d5 10. Nxd5 Nxd5 11. exd5 Qxd5 12. a3 Bxd2+ 13. Nxd2 Be6 14. 0-0 Rad8 15. Qf3 Nd4 16. Qxd5 Bxd5 17. Rad1 Rc8 18. c4 Be6 19. b3 f5 20. f3 Kf7 21. Rfe1 Kf6 22. b4 b6 23. Re3 Bg8 24. g4 g6 25. Rc1 Rc7 26. Bf1 Rfc8 27. h4 Rd8 28. Rd3 Rcd7 29. Kf2 Ne6 30. Rxd7 Rxd7 31. Ke1 Nf4 32. Rc3 Be6 33. c5 bxc5 34. bxc5 Rc7 35. a4 Bd5 36. a5 Ne6 37. c6 Nd4 38. Bg2 fxg4 39. Ne4+ Bxe4 40. fxe4 Rxc6 41. Rxc6+ Nxc6 42. a6 Ke6 43. Bf1 Kd6 44. Bc4 Kc5 45. Bf7 g5 46. hxg5 hxg5 47. Kf2 Nb4 48. Be6 Nxa6 49. Bxg4 Kd4 50. Bf5 Nc5 51. Kf3 a5 52. Bh7 a4 53. Kg4 Nxe4 0-1